Normal view
MARC view
Entry Topical Term
001 - CONTROL NUMBER
- control field: 3948
003 - CONTROL NUMBER IDENTIFIER
- control field: BD-RjUL
005 - DATE AND TIME OF LATEST TRANSACTION
- control field: 20220629141750.0
008 - FIXED-LENGTH DATA ELEMENTS
- fixed length control field: 220629|| aca||aabn | a|a d
040 ## - CATALOGING SOURCE
- Original cataloging agency: BD-RjUL
- Transcribing agency: BD-RjUL
150 ## - HEADING--TOPICAL TERM
- Topical term or geographic name entry element: الشعر والشعراء
670 ## - SOURCE DATA FOUND
- Source citation: Work cat.: (BD-RjUL)80060: [Ibn Attia Jarir] ابن عطية , جرير 3947, ديوان نادرة زمانه وفريد عصره واوانه جرير بن عطية الخطف ;; diwan nadirat zamanih wafarid easrah wawanah jarir bn eatiat alkhatfi. /